Jessi's Secret Language / (Record no. 48539)
| 000 -LEADER | |
|---|---|
| fixed length control field | 00409nam a2200121 4500 |
| 020 ## - INTERNATIONAL STANDARD BOOK NUMBER | |
| International Standard Book Number | 978-1338616071 |
| 100 ## - MAIN ENTRY--PERSONAL NAME | |
| Personal name | Martin, Ann M., |
| Relator term | author. |
| 245 ## - TITLE STATEMENT | |
| Title | Jessi's Secret Language / |
| Statement of responsibility, etc | A graphic novel by Chan Chau, Base on the novel by Ann M. Martin. |
| 260 ## - PUBLICATION, DISTRIBUTION, ETC. (IMPRINT) | |
| Name of publisher, distributor, etc | Graphix, |
| Date of publication, distribution, etc | 2022. |
| 300 ## - PHYSICAL DESCRIPTION | |
| Extent | 144 pages. |
| Dimensions | 5.75 x 0.75 x 8.25 inches. |
| 490 ## - SERIES STATEMENT | |
| Series statement | The baby-sitters club graphic novel ; 12 |
| 942 ## - ADDED ENTRY ELEMENTS (KOHA) | |
| Source of classification or shelving scheme | |
| Koha item type | Book |
| Withdrawn status | Lost status | Source of classification or shelving scheme | Damaged status | Not for loan | Home library | Current library | Date acquired | Total Checkouts | Full call number | Barcode | Checked out | Date last seen | Date checked out | Price effective from | Koha item type |
|---|---|---|---|---|---|---|---|---|---|---|---|---|---|---|---|
| Logos International School | Logos International School | 03/06/2025 | 17 | J GRAPHIC MAR | 040471 | 04/13/2026 | 04/03/2026 | 04/03/2026 | 03/06/2025 | Book |